书目信息 |
| 题名: |
完美婚姻
|
|
| 作者: | 瑞奇 著 | |
| 分册: | ||
| 出版信息: | 沈阳 辽宁教育出版社 2000.03 |
|
| 页数: | 275页 | |
| 开本: | 32开 | |
| 丛书名: | ||
| 单 册: | ||
| 中图分类: | C913.13 | |
| 科图分类: | ||
| 主题词: | 社会生活 , 社会问题 | |
| 电子资源: | ||
| ISBN: | 7-5382-5703-9 | |
| 000 | 00576nam0 2200205 45 | |
| 001 | 0010280927 | |
| 005 | 20001028091642.2 | |
| 010 | @a7-5382-5703-9@d15.00元 | |
| 100 | @a20001028d2000 km y0chiy0120 ea | |
| 101 | 0 | @achi |
| 105 | @a z 000yy | |
| 200 | 1 | @a完美婚姻@AWan Mei Hun Yin@f(美)瑞奇著;孙惠春译@F(Mei)Rui Qi Zhu;Sun Hui Chun Yi |
| 210 | @a沈阳@c辽宁教育出版社@d2000.03 | |
| 215 | @a275页@d32开 | |
| 606 | 0 | @a社会生活 |
| 606 | 0 | @a社会问题 |
| 690 | @aC913.13@v3 | |
| 701 | 0 | @a瑞奇@4著 |
| 801 | @aCN@bPftUser@c20001028 | |
| 905 | @b193663-665@dC913.13@eR.328@f3 | |
| 完美婚姻/(美)瑞奇著;孙惠春译.-沈阳:辽宁教育出版社,2000.03 |
| 275页;32开 |
| ISBN 7-5382-5703-9:15.00元 |
| ● |
| 相关链接 |
|
|
|
正题名:完美婚姻
索取号:C913.13/R.328
 
预约/预借
| 序号 | 登录号 | 条形码 | 馆藏地/架位号 | 状态 | 备注 |
| 1 | 193663 | 201936637 | 社科库509/ [索取号:C913.13/R.328] | 在馆 | |
| 2 | 193664 | 201936646 | 社科库509/509社科库 61排2列5层/ [索取号:C913.13/R.328] | 在馆 | |
| 3 | 193665 | 201936655 | 社科库509/509社科库 61排2列5层/ [索取号:C913.13/R.328] | 在馆 |